000 00631cam a22002293a 4500
001 17478
003 PGUSA
005 20140828083355.0
008 060107s2006||||xxu|||||s|||||000 | eng d
040 _aPGUSA
_beng
042 _adc
050 4 _aND
245 1 0 _aGreat Pictures, As Seen and Described by Famous Writers
_h[electronic resource]
260 _bProject Gutenberg,
_c2006
506 _aPublic domain in the USA.
516 _aElectronic text
653 _aPainting
700 1 _aSingleton, Esther,
_d-1930
830 0 _aProject Gutenberg
_v17478
856 4 0 _uhttp://www.gutenberg.org/ebooks/17478
942 _cEB
999 _c246733
_d246733